000 00797cam a2200241 i 4500
001 4188876
005 20250121122246.0
008 800923m19831985nyu b 001 0 eng
020 _a0385096305 (v. 1)
020 _a0385188137 (v. 2)
041 1 _aengmul
050 0 0 _aBS1692
_b1983
082 0 0 _a229
_219
245 0 4 _aThe Old Testament pseudepigrapha /
_cedited by James H. Charlesworth.
250 _a1st ed.
260 _aGarden City, N.Y. :
_bDoubleday,
_c1983-1985.
300 _a2 v. ;
_c24 cm.
650 0 _aApocryphal books (Old Testament)
650 0 _aApocryphal books (Old Testament)
_xCriticism, interpretation, etc.
700 1 _aCharlesworth, James H.
856 4 2 _3Publisher description
_uhttp://www.loc.gov/catdir/description/random042/80002443.html
942 _2lcc
_cBK
_n0
999 _c2744
_d2744